Estudio Prc̀tico sobre las Inspecciones de Trabajo 2020

Detalles Bibliográficos
Autor principal: Alvarez Fřman, Benjamn̕
Formato: eBook
Lenguaje:español
Publicado: Ciudad de Mx̌ico: Ediciones Fiscales ISEF, 2020
Materias:
Acceso en línea:Acceso restringido

MARC

LEADER 00000nam a22000007a 4500
005 20200527224249.0
007 cr|||| ||||
008 200527s2020 mx |||||s|||| 00||0 spa d
020 |a 978-607-541-221-4 
035 |a 31483 
040 |a vLex 
090 |c 10405  |d 10405 
100 1 |a Alvarez Fřman, Benjamn̕ 
245 1 0 |a Estudio Prc̀tico sobre las Inspecciones de Trabajo 2020  |h [Recurso electrn̤ico] /  |c Benjamn̕ Alvarez Fřman 
256 |a Servicio en ln̕ea 
260 |a Ciudad de Mx̌ico:  |b Ediciones Fiscales ISEF,  |c 2020 
300 |a 1 recurso electrn̤ico 
500 |a En esta obra conoceremos la facultad que tiene la Autoridad que nos inspecciona y su constitucin̤. Percibiremos que es lo que requiere la empresa para tener un resultado victorioso ante la revisin̤ as ̕como las responsabilidades y sanciones ante una posible infraccin̤. Una Inspeccin̤ de Trabajo tiene como finalidad observar las relaciones laborales y sus efectos entre el trabajador, el patrn̤, los Sindicatos y a su vez, la relacin̤ de estos con la Autoridad Laboral, y esta obra es esencial para analizar este tema y lograr el cumplimiento de la Ley. INCLUYE Comentarios sobre la NOM 35 Riesgos Psicosociales y la NOM 36 Riesgos Ergonm̤icos 
506 1 |a Disponible solo en los productos indicados  |d vLex Global  |d vLex Global (Academic Edition, excluding Law Schools)  |d vLex Global (U.S. Academic Edition, Law Schools)  |d vLex Global (U.S. Academic Edition, excluding Law Schools)  |d vLex Global (Academic Edition, Law Schools) 
650 0 4 |a Derecho Laboral y Seguridad Social  |z Mx̌ico 
650 0 4 |a Derecho Fiscal  |z Mx̌ico 
740 0 |a vLex Libros (Servicio en ln̕ea) 
856 4 0 |u http://vlex.com/source/estudio-practico-sobre-las-inspecciones-de-trabajo-2020-31483  |z Acceso restringido 
942 |c BOOK 
999 0 |a Labor Law and Social Security 
999 0 |a Tax Law